000 00623nam a2200217Ia 4500
003 OSt
005 20251024115622.0
008 210716s2003 xx 000 0 und d
020 _a8175152680
040 _cAIMIT LIBRARY
041 _aeng
082 _a005.758
_bNAGA
100 _aNagpal, Arvind.
_9242678
245 _aALE, EDI, and IDoc technologies for SAP.
250 _a1
260 _aNew Delhi :
_bGalgotia Publications Pvt Ltd ,
_c2003.
300 _axxxviii,744 p.;
_c25 cm.
650 _aSAP EDI Interface
_9242679
650 _aArchiving in the idoc interface
_9242680
942 _2ddc
_cBK
_k005.758 NAGA
999 _c186087
_d186087